Library information management
Contents of material: Modern library and information center management. Library functions. Financial management. Library leadership. Motivation. Library management planing. Library administration. Library training. Managing the cataloguing. Organisational thought.
Đã lưu trong:
| 格式: | 图书 |
|---|---|
| 语言: | Undetermined |
| 出版: |
Darya Ganj, New Delhi
Anmol Publications
2000
|
| 主题: | |
| 标签: |
添加标签
没有标签, 成为第一个标记此记录!
|
| Thư viện lưu trữ: | Trung tâm Học liệu Trường Đại học Cần Thơ |
|---|
| LEADER | 00807nam a2200193Ia 4500 | ||
|---|---|---|---|
| 001 | CTU_124872 | ||
| 008 | 210402s9999 xx 000 0 und d | ||
| 020 | |c 105.00 | ||
| 082 | |a 025.04 | ||
| 082 | |b L697 | ||
| 245 | 0 | |a Library information management | |
| 245 | 0 | |c Edited by S. K. Pandey | |
| 260 | |a Darya Ganj, New Delhi | ||
| 260 | |b Anmol Publications | ||
| 260 | |c 2000 | ||
| 520 | |a Contents of material: Modern library and information center management. Library functions. Financial management. Library leadership. Motivation. Library management planing. Library administration. Library training. Managing the cataloguing. Organisational thought. | ||
| 650 | |a Information retrieval,Library science,Library management | ||
| 904 | |i Minh | ||
| 980 | |a Trung tâm Học liệu Trường Đại học Cần Thơ | ||